[Event "Araraquara op 2nd"]
[Site "Araraquara"]
[Date "2024.02.13"]
[Round "7"]
[White "De Souza, Genilson Messias"]
[Black "De Souza, Ryquelme HL"]
[Result "1-0"]
[WhiteElo "1742"]
[BlackElo "1800"]
[PlyCount "68"]
[EventDate "2024.02.10"]
[EventType "swiss"]
[EventRounds "7"]
[EventCountry "BRA"]
[SourceTitle "CB09_2024"]
[SourceDate "2024.02.28"]
[SourceVersion "1"]
[SourceVersionDate "2024.02.28"]
[SourceQuality "1"]

1. d4 Nf6 2. Nc3 d5 3. Bf4 Bf5 4. e3 e6 5. f3 c5 6. g4 Bg6 7. h4 h5 8. g5 Nfd7 9. Bd3 Bxd3 10. Qxd3 c4 11. Qe2 Bb4 12. a3 Bxc3+ 13. bxc3 Qa5 14. Qd2 Nc6 15. Bd6 b5 16. Ne2 Rd8 17. 0-0 f6 18. e4 Kf7 19. Qf4 e5 20. Qg3 exd4 21. Bc7 Qa4 22. Bxd8 d3 23. cxd3 cxd3 24. Qd6 dxe2 25. Qxd7+ Kg6 26. Qf5+ Kf7 27. g6+ Ke8 28. Qe6+ Kxd8 29. Qd6+ Kc8 30. Qxc6+ Kb8 31. Qd6+ Ka8 32. Rfe1 Rc8 33. Rxe2 Rxc3 34. Qf8+ Kb7 1-0

[Event "Araraquara op 2nd"]
[Site "Araraquara"]
[Date "2024.02.10"]
[Round "1"]
[White "De Souza, Ryquelme HL"]
[Black "Serra, Kelvin Ribeiro"]
[Result "1-0"]
[WhiteElo "1800"]
[BlackElo "1705"]
[PlyCount "91"]
[EventDate "2024.02.10"]
[EventType "swiss"]
[EventRounds "7"]
[EventCountry "BRA"]
[SourceTitle "CB09_2024"]
[SourceDate "2024.02.28"]
[SourceVersion "1"]
[SourceVersionDate "2024.02.28"]
[SourceQuality "1"]

1. e4 c5 2. Nf3 g6 3. c3 Bg7 4. d4 cxd4 5. cxd4 d5 6. e5 Nh6 7. Bd3 0-0 8. 0-0 Nc6 9. Nc3 Bg4 10. Be3 Nf5 11. Bxf5 Bxf5 12. Qb3 e6 13. Qxb7 Na5 14. Qa6 Nc4 15. b3 Nxe3 16. fxe3 g5 17. Qe2 g4 18. Nd2 Rc8 19. Rac1 Bh6 20. Rfe1 Qg5 21. Nf1 Qg6 22. Na4 Bd3 23. Qd2 Bxf1 24. Rxf1 Qe4 25. Rfe1 Rxc1 26. Qxc1 f6 27. Nc5 Rc8 28. Nxe4 Rxc1 29. Rxc1 Bxe3+ 30. Kf1 Bxc1 31. Nxf6+ Kg7 32. Ke2 Bb2 33. Kd3 a5 34. Nxg4 h5 35. Nf6 h4 36. Ne8+ Kg6 37. Nc7 Kf5 38. Nb5 Bc1 39. g3 h3 40. a3 Kg4 41. Ke2 Bb2 42. b4 axb4 43. axb4 Ba1 44. Kd3 Bb2 45. Nc7 Kf5 46. b5 1-0